Cuadernos del sur. el sueño y su representación en el barroco español. /

Guardado en:
Otros Autores: Cvitanovic, Dinko
Formato: Libro
Publicado: Bah¡a Blanca : Instituto de Humanidades, 1969
Series:Cuadernos del sur
Materias:
Etiquetas: Agregar Etiqueta
Sin Etiquetas, Sea el primero en etiquetar este registro!
LEADER 00553nam a22001815a 4500
001 CEM.cems006982
005 20060214000000.0
008 130507s1969##################000#0#####d
003 CEMS
082 0 4 |a 001.3 
245 0 0 |a Cuadernos del sur. el sueño y su representación en el barroco español. / 
260 |a Bah¡a Blanca :  |b Instituto de Humanidades,  |c 1969 
300 |a 188 p. 
490 0 |a Cuadernos del sur 
653 |a Barroco español 
653 |a Sueño 
700 1 |a Cvitanovic, Dinko 
859 |a CEMS  |b BIB. CEMS - 11 de abril  |h 001.3  |i C989  |p 11384.82  |t Ej.1